[Event "Ch Russia"]
[Site "masterchessopen.com Tomsk (Russia)"]
[Date "2006.09.03"]
[Round "1"]
[White "Kharitonov Alexandr (RUS)"]
[Black "Smirnov Pavel (RUS)"]
[Result "0-1"]
[WhiteElo "2515"]
[BlackElo "2623"]

{ Kharitonov Alexandr (RUS) +1 =0 -0 Smirnov Pavel (RUS) +0 =1 -0 } 1.d4 Nf6
2.c4 e6 3.Nc3 Bb4 4.Qc2 d5 5.cxd5 exd5 6.Bg5 c5 ( 6...h6 7.Bh4 c5 8.dxc5 g5
9.Bg3 Ne4 10.e3 Qa5 11.Ne2 Bf5 12.Bxb8 Rxb8 13.Nd4 Bd7 14.Nb3 Bxc3+ 15.bxc3
Qxc3+ 16.Qxc3 Nxc3 17.Bd3 Ke7 18.Kd2 Na4 19.h4 Rhc8 20.Rac1 Rc7 21.hxg5 hxg5
22.Rc2 Rbc8 23.Rhc1 Kf6 24.f3 Ke5 25.g3 Kf6 26.g4 { ...1/2-1/2, Bocharov
Dmitry 2592 - Smirnov Pavel 2637 , Moscow 17. 2.2005 It (open) "Aeroflot" } )
7.dxc5 h6 8.Bxf6 ( 8.Bh4 g5 9.Bg3 Ne4 10.e3 Qa5 11.Ne2 Bf5 12.Be5 O-O 13.Nd4
Bg6 14.Nb3 Nxc3 15.Bxc3 Bxc2 16.Nxa5 Bxc3+ 17.bxc3 b6 18.Kd2 bxa5 19.Kxc2 Rc8
20.h4 Nd7 21.hxg5 Nxc5 22.gxh6 Ne4 23.c4 Nxf2 24.Rh4 f5 25.Rd4 dxc4 26.Bxc4+
Kh7 27.Rf1 Ng4 { ...1-0, Kasparov Garry 2805 - Short Nigel D 2655 , London
1993 Ch World (match) (PCA) } ) 8...Qxf6 9.e3 { ? } 9...O-O 10.Ne2 ( 10.Bd3 {
+0.15 CAP } ) 10...Na6 ( 10...Be6 11.Rd1 Rc8 12.a3 Bxc5 13.Nxd5 Bxd5 14.Rxd5
Bb4+ 15.Nc3 Bxc3+ 16.bxc3 Rxc3 17.Rd8+ Qxd8 18.Qxc3 Nd7 19.Bb5 Nf6 20.O-O Rc8
21.Qb2 Qb6 22.Rb1 Ne4 23.Bf1 Qxb2 24.Rxb2 Rc1 25.f3 Nc5 26.Kf2 Ra1 27.Rc2 b6
28.Rc3 Kf8 29.Bc4 Na4 30.Rb3 { ...0-1, Hauchard Arnaud 2487 - Khenkin Igor
2587 , Andorra 5. 7.2004 It (open) } ) 11.Nd4 { N } ( 11.a3 Bf5 12.Qd2 (
12.Qc1 Nxc5 13.Nd4 Bxc3+ 14.Qxc3 Ne4 15.Qc7 Bg6 16.Qf4 Qb6 17.Be2 Qxb2 18.O-O
Nd2 19.Rfd1 Nb1 20.Raxb1 Bxb1 21.Bg4 Be4 22.a4 Rad8 23.Qc7 Qb4 24.a5 Rfe8
25.Rc1 Qe7 26.Qg3 Qa3 27.Qc7 Bd3 28.h3 Qe7 29.Qc3 Bc4 30.Rb1 g6 { ...0-1,
Duong The Anh 2325 - Szabo Krisztian 2469 , Hungary 26. 2.2006 Ch Hungary
(team) 2005/06 } ) 12...Nxc5 13.axb4 Nd3+ 14.Kd1 Nxf2+ 15.Ke1 Nxh1 16.g3 Rfe8
17.Bg2 Bh3 18.Bxh3 Qf2+ 19.Kd1 Qxh2 20.Bd7 Red8 21.Qxd5 Nxg3 22.Nxg3 Qxg3
23.Kc2 Rac8 24.Rd1 Rc7 25.Qe4 b5 26.Kb3 Rc4 27.Be6 Rxc3+ 28.bxc3 Rxd1 29.Qa8+
Kh7 30.Bxf7 Rb1+ { ...1/2-1/2, Golod Vitali 2571 - Hess Robert L 2354 , Las
Vegas 10. 6.2006 It "Las Vegas Masters" } ) ( 11.Ng3 Bxc3+ 12.Qxc3 Qxc3+
13.bxc3 Nxc5 14.Be2 Be6 15.Bf3 Rac8 16.Kd2 Rc7 17.Rhc1 Rfc8 18.Rc2 Na4 19.Rac1
g6 20.Be2 Kg7 21.Bd3 Nc5 22.Rb2 Na4 23.Rbc2 Nc5 24.Rb2 Na4 { 1/2-1/2, Varga
Csaba 2279 - Fodor Tamas Jr 2252 , Budapest 11.12.2005 It (cat.2) } )
11...Nxc5 { -0.64 CAP } 12.Be2 Bxc3+ 13.bxc3 Bd7 14.O-O Rac8 15.Rac1 b6 16.c4
Ne6 17.Qd2 Nxd4 18.exd4 dxc4 19.Bxc4 Rfd8 20.Bb3 Qd6 21.Rfd1 a5 22.Rxc8 Rxc8
23.Qd3 a4 24.Bc2 g6 25.Qd2 b5 26.Bb1 h5 27.h3 b4 28.f4 Rc3 29.f5 Bc6 30.Qf2
Bd5 31.Re1 Qg3 { ?! } ( 31...Kg7 { !? } 32.fxg6 fxg6 33.Qd2 Rc4 34.Bc2 Bc6
35.Rd1 h4 { } ) 32.Re8+ Kh7 33.fxg6+ Kg7 34.Qxg3 Rxg3 35.Re2 fxg6 36.Be4 Bc4
37.Rb2 b3 38.axb3 Rxb3 39.Rc2 Rb4 40.Rc3 Bf7 41.Rd3 Bb3 42.Rg3 Rb6 43.h4 Kh6
44.Kf2 a3 45.Rc3 a2 46.Rc1 Re6 47.Kf3 Bc4 48.Bc2 Bd5+ 49.Kf2 Rc6 { } {#R} 0-1

[Event "Ch Europe (juniors) (under 12)"]
[Site "masterchessopen.com Herceg Novi (Montenegro)"]
[Date "2006.09.13"]
[Round "4"]
[White "Agasaryan Robert (ARM)"]
[Black "Pardo Simon David (ESP)"]
[Result "1-0"]
[WhiteElo "2014"]
[BlackElo "2052"]

1.d4 Nf6 2.c4 e6 3.Nc3 Bb4 4.Qc2 d5 5.cxd5 exd5 6.a3 Bxc3+ 7.bxc3 Ne4 8.e3 Bf5
9.Bd3 Qg5 10.g3 Qg6 11.Nf3 Nxg3 12.Qa4+ Bd7 13.Bxg6 Bxa4 14.Bxf7+ Kxf7 15.Ne5+
Ke7 16.hxg3 Nd7 17.Rh5 g6 18.Rh4 Nxe5 19.dxe5 Bd7 20.Rd4 Be6 21.e4 c5 22.Bg5+
Kf7 23.Rxd5 Bxd5 24.exd5 Rhe8 25.f4 h6 26.Bf6 b5 27.O-O-O b4 28.axb4 cxb4
29.cxb4 Rec8+ 30.Kb2 Rab8 31.Rd4 Rb7 32.Bh4 Rg8 33.e6+ Ke8 34.d6 g5 35.fxg5
hxg5 36.d7+ Ke7 37.Bxg5+ Kxe6 38.d8=Q Rxd8 39.Bxd8 Kf5 40.Kc3 {#r} 1-0

[Event "It (open)"]
[Site "masterchessopen.com Gausdal (Norway)"]
[Date "2006.09.28"]
[Round "5"]
[White "Quinn John M (ENG)"]
[Black "Hammer Jon Ludvig (NOR)"]
[Result "0-1"]
[WhiteElo "2150"]
[BlackElo "2380"]

1.d4 Nf6 2.c4 e6 3.Nc3 Bb4 4.Qc2 d5 5.cxd5 exd5 6.Bg5 c5 7.a3 Bxc3+ 8.bxc3 h6
9.Bxf6 Qxf6 10.e3 O-O 11.Nf3 Nc6 12.dxc5 Bg4 13.Be2 Rac8 14.O-O Na5 15.Qa4 Nc4
16.Ra2 Rxc5 17.Qxa7 b6 18.Nd4 Bxe2 19.Rxe2 Qd6 20.Nf5 Qe5 21.Qd7 Rc7 22.f4
Rxd7 23.fxe5 Re8 24.Nd6 Rxe5 25.Nxc4 dxc4 26.a4 Ra7 27.Rb1 Rxa4 28.Rxb6 Ra3
29.Rc6 Rxc3 30.e4 f5 31.Kf2 fxe4 32.Ra2 e3+ 33.Ke2 Rh5 34.h3 Rg5 35.g4 h5
36.Rc8+ Kh7 37.Raa8 Rb5 38.Rh8+ Kg6 39.Ra6+ Kf7 40.Ra7+ Kf6 41.Ra6+ Ke7
42.Ra7+ Kd6 43.Ra2 Rb1 44.Rxh5 Rh1 45.Ra6+ Kc7 46.Ra7+ Kb6 47.Re7 Rh2+ 48.Kf3
e2+ 49.Kf4 Rf2+ 50.Kg5 Rc1 {#R} 0-1

[Event "It (open) \"]
[Site "masterchessopen.com Athens (Greece)"]
[Date "2006.10.11"]
[Round "2"]
[White "Savoglou Nikolaos (GRE)"]
[Black "Kostopoulos Evangellos (GRE)"]
[Result "0-1"]
[WhiteElo "1929"]
[BlackElo "2076"]

1.d4 Nf6 2.c4 e6 3.Nc3 Bb4 4.Qc2 d5 5.cxd5 exd5 6.Bg5 O-O 7.e3 h6 8.Bxf6 Qxf6
9.a3 Bxc3+ 10.Qxc3 Nc6 11.Nf3 Bg4 12.Be2 Rfe8 13.O-O a5 14.b4 axb4 15.axb4 Qd6
16.b5 Nb4 17.Rfb1 Na2 18.Qd2 Bf5 19.Rb2 Nc3 20.Rc1 Ne4 21.Qc2 Ra3 22.Bd3 Rc3
23.Qd1 Nxf2 24.Rxf2 Rxd3 25.Qc2 Rexe3 26.Ne5 Rxd4 27.Qxf5 Qxe5 28.Qxf7+ Kh7
29.Qf5+ Qxf5 30.Rxf5 Kg6 31.Rf8 Rc4 32.Rxc4 dxc4 33.Rc8 Re7 34.b6 c6 {#R} 0-1

[Event "Cup European Club"]
[Site "masterchessopen.com Fuegen (Austria)"]
[Date "2006.10.12"]
[Round "5"]
[White "Volke Karsten (GER)"]
[Black "Babula Vlastimil (CZE)"]
[Result "1-0"]
[WhiteElo "2478"]
[BlackElo "2584"]

{ Babula Vlastimil (CZE) +0 =1 -0 } 1.d4 Nf6 2.c4 e6 3.Nc3 Bb4 4.Qc2 d5 5.cxd5
exd5 6.Bg5 c5 7.a3 { ? } ( 7.dxc5 h6 8.Bh4 Nc6 9.e3 g5 10.Bg3 Ne4 11.a3 Bxc3+
12.bxc3 Qa5 13.Bd3 Nxg3 14.hxg3 d4 15.exd4 Nxd4 16.Qb2 Bd7 17.Kf1 Ne6 18.Qxb7
Qxc3 19.Rd1 Rd8 20.Ne2 Qxa3 21.c6 Bc8 22.Qb1 Ke7 23.g4 Rd6 24.Rh3 Rhd8 25.Re3
Kf8 26.Kg1 Rxc6 { ...1-0, Sokolov Ivan 2663 - Short Nigel D 2687 , Hoogeveen
17.10.2004 It (cat.15) } ) 7...Bxc3+ 8.bxc3 { =/? } ( 8.Qxc3 cxd4 9.Qxd4 Nc6
10.Qf4 d4 11.Bxf6 gxf6 ( 11...Qa5+ 12.Qd2 Qxd2+ 13.Kxd2 gxf6 { +0.18 CAP } )
12.Nf3 Qa5+ 13.Qd2 Qxd2+ 14.Kxd2 Bf5 15.b4 O-O-O 16.Rc1 Kb8 17.g3 a5 18.Bg2
Be4 19.Nh4 Bxg2 20.Nxg2 axb4 21.axb4 Nxb4 22.Rc4 Nc6 23.Rb1 Ne5 24.Rcb4 Rd7
25.Nf4 Rc8 26.Ra4 Nc4+ { 1/2-1/2, Van Wely Loek 2681 - Topalov Veselin 2757 ,
Wijk aan Zee 2004 It (cat.19) } ) 8...O-O ( 8...h6 9.Bd2 O-O 10.e3 Ne4 11.Nf3
Bf5 12.Qb2 Nd7 13.Be2 Qc7 14.O-O Rfe8 15.c4 dxc4 16.Bxc4 Bg4 17.Rfc1 Bxf3
18.gxf3 Nxd2 19.Qxd2 Qd6 20.d5 Rad8 21.Be2 Nf6 22.Qa5 b6 23.Qxa7 Nxd5 24.Qa6
Qe5 25.Bf1 Rd6 26.Kh1 Rg6 27.Qd3 Qh5 28.Bg2 { ...0-1, James David 2245 - Ward
Christopher 2505 , England 1998 Ch England (team) 1997/98 } ) 9.e3 ( 9.Nf3
Nbd7 10.e3 Qa5 11.Nd2 Ne4 12.Bf4 Re8 13.Nxe4 dxe4 14.Qd2 Nf6 15.Be2 Nd5 16.Bd6
Qxc3 17.Qxc3 Nxc3 18.Bxc5 b6 19.Bb4 Nxe2 20.Kxe2 Be6 21.Rhc1 Rec8 22.Kd2 f6
23.a4 Rxc1 24.Rxc1 Rc8 25.Rxc8+ Bxc8 26.Kc3 Be6 27.Bd6 Kf7 28.Bb8 a6 {
...1/2-1/2, Lautier Joel 2645 - Timman Jan H 2635 , Wijk aan Zee 1994 Ch World
(match) (cand.) (1/8) } ) 9...Nbd7 ( 9...cxd4 10.Bxf6 Qxf6 11.cxd4 Bf5 12.Bd3
Rc8 13.Qb1 Bxd3 14.Qxd3 Qa6 15.Qxa6 Nxa6 16.Kd2 Rc4 17.Ne2 b5 18.Nf4 Nc7
19.Rhc1 Kf8 20.Nd3 Ne6 21.Ne5 Ra4 22.Nd3 Rc4 23.Ne5 Ra4 24.Nd3 Ke7 25.Nb4 Kd6
26.Rc6+ Kd7 27.Rc3 Kd6 { 1/2-1/2, Dempsey Paul 2160 - Vallin Guillaume 2315 ,
Mureck 1998 Ch Europe (juniors) (under 18) } ) 10.Bd3 ( 10.Nf3 Qa5 11.Nd2 Ne4
12.Bf4 Re8 13.Nxe4 dxe4 14.Qd2 Nf6 15.Be2 Nd5 16.Bd6 Qxc3 17.Qxc3 Nxc3 18.Bxc5
b6 19.Bb4 Nxe2 20.Kxe2 Be6 21.Rhc1 Rec8 22.Kd2 f6 23.a4 Rxc1 24.Rxc1 Rc8
25.Rxc8+ Bxc8 26.Kc3 Be6 27.Bd6 Kf7 28.Bb8 a6 29.Kb4 Ke7 { ...1/2-1/2, Lautier
Joel 2645 - Timman Jan H 2635 , Wijk aan Zee 1994 Ch World (match) (cand.)
(1/8) } ) 10...Qa5 11.Ne2 { +0.07 CAP } 11...cxd4 { N } ( 11...b6 12.O-O Ba6
13.Bxa6 Qxa6 14.Bxf6 Nxf6 15.Nf4 Qc4 16.Qa2 Qxa2 17.Rxa2 Rac8 18.a4 Rfd8
19.Rb1 Ne4 20.Ne2 Nd6 21.h4 Nc4 22.Nf4 Kf8 23.g4 g6 24.Kg2 h6 25.Rd1 g5
26.hxg5 hxg5 27.Ne2 Nd6 28.Ng3 cxd4 29.Rxd4 Ne4 30.Nxe4 dxe4 31.Rxe4 {
...1/2-1/2, Petrosian Tigran V 2640 - Korchnoi Viktor 2670 , Moscow 1971 Ch
World (match) (cand.) (1/2) } ) ( 11...c4 12.Bf5 Re8 13.O-O Ne4 14.Bh4 g6
15.Bh3 Nb6 16.Bxc8 Raxc8 17.a4 Rc7 18.f3 Nd6 19.Bf2 Rce7 20.Ng3 f5 21.Rfb1 Nd7
22.Nf1 f4 23.Re1 fxe3 24.Rxe3 Nf5 25.Rxe7 Rxe7 26.Rb1 Qa6 27.g4 Ng7 28.Ne3 Qc6
29.Rb5 Nb6 30.Rc5 Qxa4 31.Qxa4 { ...1-0, Leabchian M - Sobhani F 2207 ,
Teheran 1993 Ch Iran } ) 12.exd4 h6 { N } 13.Bf4 Qd8 14.O-O Nb6 15.a4 Nc4
16.Bg3 b6 17.Bh4 Ba6 18.Rfe1 g5 19.Bg3 Re8 20.h4 Ne4 21.Bxc4 Bxc4 22.f3 Bxe2
23.fxe4 Bc4 24.e5 Qd7 25.Re3 Qg4 26.hxg5 hxg5 27.Bf2 Re6 28.Rae1 Rae8 29.Rg3
Qh5 30.Qf5 Qh7 { ? } ( 30...Qh6 31.Rxg5+ Rg6 32.Rh5 Qg7 33.Bh4 f6 34.e6 Re7
35.Qf2 Qf8 36.g3 Qb8 37.Kh2 { } ) 31.Rxg5+ Rg6 32.Re3 Re6 33.Rh3 Qg7 34.Rxg6 {
} {#r} 1-0

[Event "Memorial M.Chigorin (open)"]
[Site "masterchessopen.com St. Petersburg (Russia)"]
[Date "2006.10.26"]
[Round "5"]
[White "Gladyszev Oleg (RUS)"]
[Black "Gavariev Renat (RUS)"]
[Result "1-0"]
[WhiteElo "2463"]
[BlackElo "2324"]

1.d4 Nf6 2.c4 e6 3.Nc3 Bb4 4.Qc2 d5 5.cxd5 exd5 6.Bg5 h6 7.Bh4 O-O 8.e3 Re8
9.Bd3 c5 10.Ne2 c4 11.Bh7+ Kh8 12.Bf5 Bxf5 13.Qxf5 Qd7 14.Qc2 Ne4 15.O-O Nc6
16.f3 Bxc3 17.bxc3 Nd6 18.Bf2 f5 19.Rfe1 Qf7 20.Rab1 b6 21.Qa4 Na5 22.Bg3 Rad8
23.Be5 Qd7 24.Qxd7 Rxd7 25.Ng3 Nab7 26.Nh5 Kh7 27.h4 Nd8 28.Nxg7 Rxg7 29.Bxd6
Rd7 30.Bf4 h5 31.Kf2 Re6 32.Re2 Nc6 33.Bg5 Rb7 34.e4 fxe4 35.fxe4 Rf7+ 36.Kg3
Rxe4 37.Rxe4 dxe4 38.Re1 b5 39.Rxe4 Rd7 40.Re6 Nd8 41.Re5 b4 42.Bxd8 Rxd8
43.Rxh5+ Kg6 44.Rc5 bxc3 45.Rxc4 c2 46.Rxc2 Rxd4 47.Rc6+ Kf5 48.Rc5+ Kf6
49.Ra5 Rd7 50.Kf3 {#r} 1-0

[Event "Ch World (juniors) (under 18) (g)"]
[Site "masterchessopen.com Batumi (Georgia)"]
[Date "2006.10.28"]
[Round "11"]
[White "Purtseladze Maka (GEO)"]
[Black "An Zhixiao (CHN)"]
[Result "1-0"]
[WhiteElo "2329"]
[BlackElo "2141"]

1.d4 Nf6 2.c4 e6 3.Nc3 Bb4 4.Qc2 d5 5.cxd5 exd5 6.Bg5 h6 7.Bh4 c5 8.Nf3 g5
9.Bg3 Ne4 10.dxc5 Nc6 11.e3 Qa5 12.Nd2 Nxc3 13.bxc3 Bxc3 14.Rc1 Bb4 15.Bd3 Be6
16.Ke2 Bxd2 17.Qxd2 Qxd2+ 18.Kxd2 O-O-O 19.Bb5 Bd7 20.Rb1 Na5 21.Be5 Rhg8
22.Bf6 Rde8 23.Kc3 Re6 24.Bd4 Nc6 25.Bd3 Nxd4 26.exd4 Re7 27.Rb2 Rge8 28.Kd2
Kc7 29.Rhb1 Bc6 30.a4 a6 31.a5 Kc8 32.g4 Kc7 33.h4 gxh4 34.Rh1 Re6 35.Rxh4 Rf6
36.Bf5 Bb5 37.Kd1 Ba4+ 38.Kc1 Bb5 39.Rd2 Re1+ 40.Rd1 Rxd1+ 41.Kxd1 Bc4 42.Kd2
Kc6 43.Rh1 h5 44.Rxh5 Kb5 45.Rh1 Kxa5 46.Kc3 b6 47.Ra1+ Kb5 48.Bd7+ {#r} 1-0

[Event "Czech League 2006/07 (2nd) (f)"]
[Site "masterchessopen.com Czech Republic"]
[Date "2006.11.05"]
[Round "2"]
[White "Sobek Jaroslav (CZE)"]
[Black "Rakus Pavel (CZE)"]
[Result "1-0"]
[WhiteElo "2291"]
[BlackElo "2098"]

1.d4 Nf6 2.c4 e6 3.Nc3 Bb4 4.Qc2 d5 5.cxd5 exd5 6.Bg5 O-O 7.e3 b6 8.Bd3 h6
9.Bh4 Bb7 10.Nf3 Nbd7 11.O-O Be7 12.Rad1 c5 13.Ne5 Rc8 14.Bf5 cxd4 15.exd4 Rc7
16.Bg3 Nxe5 17.Bxe5 Bd6 18.Qb3 Rc4 19.Bd3 Rc8 20.Nb5 Bb8 21.Bxb8 Rxb8 22.Nxa7
Qd6 23.Nb5 Qf4 24.g3 Qg4 25.Nd6 Qd7 26.Nf5 Ne4 27.Ne3 Kh8 28.f3 Ng5 29.h4 Ne6
30.Bb5 Qc7 31.Kg2 Rfd8 32.Qb4 Rbc8 33.Rf2 g6 34.f4 Rg8 35.Rc2 Qb8 36.Qe7 Rg7
37.Rxc8+ Bxc8 38.Qe8+ Kh7 39.Bd7 Rg8 40.Qxf7+ Rg7 41.Qxe6 Bxd7 42.Qe5 Qd8
43.Kf2 Bc6 44.h5 Re7 45.Qf6 Be8 46.Nxd5 {#r} 1-0

[Event "It (open)"]
[Site "masterchessopen.com Belgrade (Yugoslavia)"]
[Date "2006.11.26"]
[Round "5"]
[White "Ristic Nebojsa (SRB)"]
[Black "Nestorovic D Nikola (SRB)"]
[Result "1-0"]
[WhiteElo "2367"]
[BlackElo "2400"]

1.d4 Nf6 2.c4 e6 3.Nc3 Bb4 4.Qc2 d5 5.cxd5 exd5 6.Bg5 h6 7.Bxf6 Qxf6 8.a3
Bxc3+ 9.Qxc3 c6 10.e3 O-O 11.Nf3 Re8 12.Bd3 Nd7 13.O-O Qd6 14.b4 Nf6 15.Ne5
Ne4 16.Bxe4 dxe4 17.Qc5 Rd8 18.Qxd6 Rxd6 19.Nc4 Rg6 20.Rfc1 Bh3 21.g3 h5
22.Rab1 a6 23.Nb6 Re8 24.Rc5 h4 25.Rh5 Bg4 26.Rxh4 f5 27.h3 Bf3 28.Nc4 Rf6
29.g4 f4 30.Ne5 fxe3 31.fxe3 Be2 32.Rb2 Bd3 33.Rf2 Ref8 34.Rxf6 gxf6 35.Ng6
Rf7 36.Rh5 b6 37.Nf4 a5 38.bxa5 b5 39.Rc5 Ra7 40.Rxc6 Rxa5 41.d5 Bc4 42.d6 Kf7
43.Rc8 {#r} 1-0

[Event "Memorial N.Aratovsky (open)"]
[Site "masterchessopen.com Saratov (Russia)"]
[Date "2006.12.05"]
[Round "9"]
[White "Rychagov Andrey (RUS)"]
[Black "Iljin Artem (RUS)"]
[Result "0-1"]
[WhiteElo "2572"]
[BlackElo "2513"]

1.d4 Nf6 2.c4 e6 3.Nc3 Bb4 4.Qc2 d5 5.cxd5 exd5 6.Bg5 c5 7.dxc5 h6 8.Bh4 g5
9.Bg3 Ne4 10.e3 Qa5 11.Ne2 Bf5 12.Be5 O-O 13.Nd4 Nxc3 14.Qxf5 Ne4+ 15.Kd1 Nc6
16.Nxc6 bxc6 17.Bd3 Be1 18.Ke2 Qd2+ 19.Kf1 Qxd3+ 20.Kxe1 Nxc5 21.Qf6 Qh7 22.h4
Ne4 23.Qxc6 Qf5 24.f3 Qxe5 25.fxe4 Qxb2 26.Rd1 Qxg2 {#R} 0-1

[Event "Bayern Oberliga 2006/07"]
[Site "masterchessopen.com Bayern (Germany)"]
[Date "2006.12.10"]
[Round "4"]
[White "Neuman Petr (CZE)"]
[Black "Eichler Christoph (GER)"]
[Result "1-0"]
[WhiteElo "2416"]
[BlackElo "2326"]

1.d4 Nf6 2.c4 e6 3.Nc3 Bb4 4.Qc2 d5 5.cxd5 exd5 6.Bg5 c5 7.Nf3 h6 8.Bxf6 Qxf6
9.O-O-O Be6 10.dxc5 Bxc3 11.Qxc3 Qxc3+ 12.bxc3 Nd7 13.Nd4 Nxc5 14.f3 Ke7 15.e3
Rhc8 16.Kd2 a6 17.Rb1 Rc7 18.Bd3 Rac8 19.Rhc1 b5 20.Bc2 Nb7 21.a4 Rxc3 22.axb5
axb5 23.Nxb5 R3c5 24.Nd4 Nd6 25.Bd3 Rxc1 26.Rxc1 Rxc1 27.Kxc1 Nc4 28.Bxc4 dxc4
29.Kd2 Kd6 30.Kc3 Kc5 31.Ne2 h5 32.h4 g6 33.Nf4 Bc8 34.e4 Bb7 35.Nh3 Bc8
36.Ng5 Be6 37.g4 Kb5 38.gxh5 gxh5 39.f4 Kc5 40.f5 Bc8 41.Nxf7 Bb7 42.Ng5 {#r}
1-0

[Event "Ch Europe (active)"]
[Site "masterchessopen.com Warsaw (Poland)"]
[Date "2006.12.16"]
[Round "1"]
[White "Zajkowska Olga (POL)"]
[Black "Sumets Andrey (UKR)"]
[Result "0-1"]
[WhiteElo "1867"]
[BlackElo "2523"]

1.d4 Nf6 2.c4 e6 3.Nc3 Bb4 4.Qc2 d5 5.cxd5 exd5 6.Bg5 c5 7.Nf3 h6 8.Bh4 Nc6
9.e3 cxd4 10.Nxd4 Nxd4 11.exd4 O-O 12.Be2 Be6 13.O-O Be7 14.Rac1 Qb6 15.Rfd1
Rac8 16.Qd2 Rxc3 17.Qxc3 Ne4 18.Qc7 Bxh4 19.g3 Qxb2 20.Rc2 Bd8 21.Rxb2 Bxc7
22.Rxb7 Bb6 23.Bd3 Nd6 24.Rxb6 axb6 25.Bc2 Bf5 26.Bb3 Be4 27.Rc1 Rc8 28.Rf1
Bf3 29.Re1 Nf5 30.h3 Nxd4 {#R} 0-1

[Event "It (a)"]
[Site "masterchessopen.com Mondariz (Spain)"]
[Date "2006.12.28"]
[Round "3"]
[White "Gallardo Garcia Andres (ESP)"]
[Black "Rotstein Arkadij (GER)"]
[Result "0-1"]
[WhiteElo "2314"]
[BlackElo "2539"]

1.d4 Nf6 2.c4 e6 3.Nc3 Bb4 4.Qc2 d5 5.cxd5 exd5 6.Bg5 c5 7.e3 cxd4 8.exd4 Nc6
9.Bb5 O-O 10.Ne2 Qb6 11.Bd3 Nxd4 12.Nxd4 Qxd4 13.O-O Be6 14.Ne2 Qc5 15.Bxf6
Qxc2 16.Bxc2 gxf6 17.Bb3 Rfd8 18.Rad1 Bd6 19.Nd4 Rac8 20.h3 Kf8 21.Rd3 Rc5
22.f4 Bd7 23.Kh2 Re8 24.g3 Bc7 25.Rfd1 h5 26.R1d2 h4 27.Nf3 hxg3+ 28.Kxg3 Re4
29.Bxd5 Bxf4+ 30.Kg2 Rxd5 31.Rxd5 Bc6 32.Kf2 Be3+ 33.Kg3 Bxd2 34.Rxd2 Re3
35.Rf2 Bd5 36.Kf4 Re4+ 37.Kg3 Bxa2 38.Nh4 Re3+ 39.Rf3 Rxf3+ 40.Nxf3 a5 41.Nd4
a4 42.Kf4 Bc4 43.h4 b5 44.Nc6 Kg7 45.Nb4 Kg6 46.Nc6 Kh5 47.Kf5 Kxh4 48.Kxf6
Kg4 {#R} 0-1

[Event "It (open) \"]
[Site "masterchessopen.com Gibraltar (England)"]
[Date "2007.01.25"]
[Round "3"]
[White "Obers Frits (NED)"]
[Black "Ly Moulthun (AUS)"]
[Result "0-1"]
[WhiteElo "2073"]
[BlackElo "2306"]

1.d4 Nf6 2.c4 e6 3.Nc3 Bb4 4.Qc2 d5 5.cxd5 exd5 6.Bg5 c5 7.dxc5 h6 8.Bh4 g5
9.Bg3 Ne4 10.e3 Qa5 11.Ne2 Nc6 12.O-O-O Bf5 13.Rxd5 Nxg3 14.Rxf5 Nxf5 15.Qxf5
Qxc5 16.Qxc5 Bxc5 17.Ne4 Be7 18.N2c3 O-O-O 19.Bc4 Ne5 20.Bd5 Kb8 21.f3 Bb4
22.Rd1 f5 23.Ng3 Rhf8 24.e4 Bxc3 25.bxc3 fxe4 26.Nxe4 b6 27.c4 g4 28.fxg4 Nxg4
29.h3 Ne3 30.Rd2 Rf1+ 31.Kb2 Rf4 {#R} 0-1

[Event "Ch Madrid (1/2 final) (b)"]
[Site "masterchessopen.com Madrid (Spain)"]
[Date "2007.02.02"]
[Round "8"]
[White "Collado Barbas Laura (ESP)"]
[Black "Alvarez Abejon Amilcar (ESP)"]
[Result "1-0"]
[WhiteElo "1940"]
[BlackElo "2076"]

1.d4 Nf6 2.c4 e6 3.Nc3 Bb4 4.Qc2 d5 5.cxd5 exd5 6.Bg5 h6 7.Bh4 g5 8.Bg3 c5
9.e3 Ne4 10.a3 Qa5 11.Ne2 Nc6 12.dxc5 Bf5 13.Qc1 Nxc5 14.axb4 Nd3+ 15.Kd2 Qxb4
16.Ra4 Qb6 17.Nxd5 Qd8 18.Qc3 Qxd5 19.Qxh8+ Ke7 20.Qc3 Nc5+ 21.Ke1 Nxa4
22.Qa3+ Nc5 23.Nc3 Qd7 24.Qxc5+ Ke8 25.Nd5 {#r} 1-0

[Event "Extraliga 2006/07"]
[Site "masterchessopen.com Slovakia"]
[Date "2007.02.18"]
[Round "9"]
[White "Likavsky Tomas (SVK)"]
[Black "Rachela Milan (SVK)"]
[Result "1-0"]
[WhiteElo "2496"]
[BlackElo "2312"]

1.d4 Nf6 2.c4 e6 3.Nc3 Bb4 4.Qc2 d5 5.cxd5 exd5 6.Nf3 c5 7.e3 cxd4 8.Nxd4 Nc6
9.Bd3 O-O 10.O-O Ne5 11.Bd2 Nxd3 12.Qxd3 a6 13.Rfd1 Re8 14.Be1 Bg4 15.Nde2 Rc8
16.f3 Bc5 17.Bf2 Be6 18.Nf4 b5 19.a3 h6 20.Rd2 Bb6 21.Re1 Qc7 22.Kf1 d4
23.Nxe6 Rxe6 24.Bg3 dxc3 25.Bxc7 cxd2 26.Qxd2 Rxc7 27.e4 Rd7 28.Qc3 Rd8 29.g3
Red6 30.Re2 Rd3 31.Qc6 R3d6 32.Qc2 Rd1+ 33.Kg2 R1d7 34.e5 Nd5 35.Qb3 {#r} 1-0

[Event "It (cat.10)"]
[Site "masterchessopen.com Nancy (France)"]
[Date "2007.02.22"]
[Round "5"]
[White "Moradiabadi Elshan (IRI)"]
[Black "Okhotnik Vladimir (FRA)"]
[Result "1-0"]
[WhiteElo "2521"]
[BlackElo "2433"]

1.d4 Nf6 2.c4 e6 3.Nc3 Bb4 4.Qc2 d5 5.cxd5 exd5 6.Bg5 h6 7.Bh4 c6 8.e3 Qa5
9.Bxf6 Bxc3+ 10.bxc3 gxf6 11.Ne2 c5 12.Nf4 cxd4 13.exd4 Nc6 14.Qd2 Bf5 15.Bd3
Bxd3 16.Qxd3 O-O-O 17.O-O Rhe8 18.Nh5 Kb8 19.Nxf6 Re6 20.Nh5 Ne7 21.Qf3 f5
22.Rae1 Rxe1 23.Rxe1 Nc8 24.h4 Nd6 25.Ng3 Qxa2 26.Qf4 Qc2 27.Re6 Qd1+ 28.Kh2
Qg4 29.Qe5 Kc7 30.Rxh6 f4 31.Nf1 Qf5 32.Rxd6 Qxe5 33.dxe5 Rxd6 34.exd6+ Kxd6
35.g4 a5 36.h5 Ke7 37.Kg2 b5 38.Kf3 d4 39.cxd4 a4 40.Ke2 b4 41.Kd3 {#r} 1-0

[Event "Memorial Archil Ebralidze (cat.7)"]
[Site "masterchessopen.com Tbilisi (Georgia)"]
[Date "2007.04.06"]
[Round "5"]
[White "Bagaturov Giorgi (GEO)"]
[Black "Babujian Levon (ARM)"]
[Result "0-1"]
[WhiteElo "2474"]
[BlackElo "2428"]

1.d4 Nf6 2.c4 e6 3.Nc3 Bb4 4.Qc2 d5 5.cxd5 exd5 6.Bg5 c5 7.e3 cxd4 8.exd4 O-O
9.Bd3 h6 10.Bh4 Nc6 11.Ne2 Ba5 12.O-O Be6 13.Rad1 Nb4 14.Qb1 Nxd3 15.Qxd3 Re8
16.f3 Rc8 17.Rc1 g5 18.Bg3 Qd7 19.Be5 Nh5 20.g4 Ng7 21.Ng3 Bd8 22.Nb5 Rxc1
23.Rxc1 f6 24.Bc7 Bf7 25.Bxd8 Qxd8 26.Qa3 Qb6 27.Qc5 Qe6 28.Qa3 Qb6 29.Qc5 Qe6
30.Qa3 Re7 31.Nd6 Bg6 32.Ndf5 Bxf5 33.gxf5 Qd7 34.Qxa7 Nxf5 35.Qb8+ Kf7 36.Qh8
Kg6 37.Rc8 Nxg3 38.Rg8+ Kf5 39.hxg3 Qe6 40.Re8 Qe1+ 41.Kg2 Rxe8 {#R} 0-1